000 00465nam a2200205Ia 4500
003 OSt
005 20221005130117.0
006 a|||||r|||| 00| 0
007 ta
008 221004b |||||||| |||| 00| 0 eng d
024 _a114935
037 _cTextual
040 _aCRL
_cCRL
_beng
041 _2eng
_aeng
100 _aAvasthi Om
_9637613
245 0 _aRachna Prakriya
260 _c1985
942 _cTEXL
_2cc
999 _c1056133
_d1056133